00469 2200193 4500001002100000005001500021035002000036008004100056245005200097100001300149250000600162260003600168300001100204084001400215082000800229650001400237990001200251990001200263INLIS00000000000029520240503073243 a0010-0424000271240503 0 ind 1 aTeknik Menggambar Benda Dan Melukis /cRantinah aRantinah a1 aKlaten :bIntan Pariwara,c2013 a52 hlm a700 RAN t a700 4aNon Fiksi a0728807 a0728808